INTEGRATED REPORTING CAPITALS DISCLOSURE AND FIRM VALUE OF LISTED COMPANIES IN KENYA VERSUS SOUTH AFRICA: THE ROLE OF THE BUSINESS MODEL. (Record no. 217130)

MARC details
000 -LEADER
fixed length control field 00706nam a22001577a 4500
008 - FIXED-LENGTH DATA ELEMENTS--GENERAL INFORMATION
fixed length control field 260514b |||||||| |||| 00| 0 eng d
050 ## - LIBRARY OF CONGRESS CALL NUMBER
Classification number THE HF 5681 .B2 K4 B365 2025
100 ## - MAIN ENTRY--PERSONAL NAME
Personal name BANGARA, SAMUEL NDAITA.
245 ## - TITLE STATEMENT
Title INTEGRATED REPORTING CAPITALS DISCLOSURE AND FIRM VALUE OF LISTED COMPANIES IN KENYA VERSUS SOUTH AFRICA: THE ROLE OF THE BUSINESS MODEL.
260 ## - PUBLICATION, DISTRIBUTION, ETC.
Place of publication, distribution, etc. KISII,
Name of publisher, distributor, etc. KISII UNIVERSITY PRESS,
Date of publication, distribution, etc. 2025.
300 ## - PHYSICAL DESCRIPTION
Extent XXIV, 345 P, ILL
500 ## - GENERAL NOTE
General note INCLUDES BIBLIOGRAPHY.
650 ## - SUBJECT ADDED ENTRY
Topical term or geographic name entry element 1. CORPORATIONS- VALUATION-KENYA-SOUTH AFRICA 2. FINANCIAL STatements- south africa - kenya . 3. DISCLOSURE OF INFORMATION- CORPORATION - KENYA- SOUTH AFRICA
942 ## - ADDED ENTRY ELEMENTS (KOHA)
Source of classification or shelving scheme Library of Congress Classification
Koha item type Reference
Holdings
Withdrawn status Lost status Source of classification or shelving scheme Damaged status Not for loan Collection Home library Current library Shelving location Date acquired Inventory number Total checkouts Full call number Barcode Date last seen Copy number Price effective from Koha item type
    Library of Congress Classification     Special Research Kisii University Library Kisii University Library On Display 05/14/2026 113311   THE HF 5681 .B2 K4 B36 2025 A000402 05/14/2026 1 05/14/2026 Reference